| 000 | 00619nam a2200217 a 4500 | ||
|---|---|---|---|
| 001 | BRCA_814 | ||
| 005 | 20190320203148.0 | ||
| 008 | 890217s1989 nyua---##b---#001-0#eng-# | ||
| 020 | _a084781081X | ||
| 040 |
_aDLC _cDLC _dDLC |
||
| 050 | 4 |
_aNK5110 _b.K55 1989 |
|
| 100 | 1 |
_aKlein, Dan _92276 |
|
| 245 | 1 | 0 |
_aGlass _bA Contemporary Art _cDan Klein. |
| 260 |
_aNueva York _bRizzoli _c1989 |
||
| 300 |
_a224 p. _bil. a color _c29 cm. |
||
| 500 | _aIncluye índice alfabético de nombres | ||
| 504 | _aBibliografía : p. [220]-221 | ||
| 650 | 1 | 4 |
_aCristalería _xHistoria _ySiglo XX _92711 |
| 653 | 0 | _aVidrio | |
| 942 |
_2lcc _cB |
||
| 999 |
_c709 _d709 |
||